000 00297nam a2200121Ia 4500
008 230724s2013 xx und d
020 _a8190382160
041 _aeng
100 _aFRITZ J.M., MICHELL G.
245 _aHAMPI A STORY IN STONE.
260 _bELST WITH ARNOLD
_c2013
300 _a193
999 _c1176063
_d1176063